Thirteen loops (Record no. 145371)
[ view plain ]
| 000 -LEADER | |
|---|---|
| fixed length control field | 01896nam a2200445 a 4500 |
| 082 04 - DEWEY DECIMAL CLASSIFICATION NUMBER | |
| Classification number | 364.1/34 |
| 100 1# - MAIN ENTRY--AUTHOR NAME | |
| Personal name | Hollars, B. J. |
| 245 10 - TITLE STATEMENT | |
| Title | Thirteen loops |
| 260 ## - PUBLICATION, DISTRIBUTION, ETC. (IMPRINT) | |
| Place of publication | Tuscaloosa : |
| Name of publisher | University of Alabama Press, |
| Year of publication | c2011. |
| 300 ## - PHYSICAL DESCRIPTION | |
| Number of Pages | viii, 249 p. : |
| Other physical details | ill. |
| 505 0# - FORMATTED CONTENTS NOTE | |
| Formatted contents note | pt. 1. Tying the knot -- pt. 2. The last lynching -- pt. 3. Untangling. |
| 650 #0 - SUBJECT ADDED ENTRY--TOPICAL TERM | |
| Topical Term | Lynching |
| Topical Term | Violence |
| Topical Term | Racism |
| 856 40 - ELECTRONIC LOCATION AND ACCESS | |
| Uniform Resource Identifier | http://site.ebrary.com/lib/rucke/Doc?id=10527785 |
No items available.
